Statistiken für Personen der Weimarer Republik nach Bild

Klicken Sie hier um das Quiz zu spielen!

Allgemein

  • Dieses Quiz wurde 173 mal gespielt
    (151 seit der letzten Aktualisierung)
  • Das Durchschnittsergebnis liegt bei 7 aus 20

Antwortstatistiken

Antwort% Korrekt
Paul von Hindenburg
92%
Friedrich Ebert
75%
Gustav Stresemann
57%
Franz von Papen
55%
Rosa Luxemburg
54%
Karl Liebknecht
47%
Philipp Scheidemann
46%
Bertold Brecht
38%
Kurt von Schleicher
36%
Erich Ludendorff
35%
Heinrich Brüning
29%
Hermann Müller
20%
Thomas Mann
16%
Matthias Erzberger
14%
August von Mackensen
13%
Alfred Hugenberg
10%
Max Planck
8%
Erich Maria Remarque
5%
Hugo Preuß
4%
Kurt Weill
2%

Verteilung der Resultate

Perzentil nach korrekt beantworteten Fragen

Anzahl Personen mit jedem Resultat

Ihre Resultats-Entwicklung

Sie haben dieses Quiz seit der letzten Aktualisierung nicht gespielt